000 00520nam a2200181 4500
001 148248
003 ES-MaACL
005 20230906202521.0
007 t|
008 070214s1931 sp r ||||1| spa d
080 _a008(04)
100 1 _aStapleton, Olaf.
_9107922
245 1 3 _aLa última y la primera humanidad /
_cOlaf Stapleton ; traducción de A. Lázaro y Ros.
260 _aMadrid :
_bJuan Pueyo,
_c1931.
300 _a392 p. ;
_c19 cm.
700 1 _aLázaro Ros, Amando.
_970807
852 _aES-MaACL
_jA-393
999 _c148248
_d148248